000 00927nam a2200265 i 4500
001 bg
100 1 _aJURGA, Roman.
245 1 0 _aPrzetwórstwo zbóż.
_nCz.2 /
_cRoman Jurga.
250 _aWyd. 2.
260 _aWarszawa :
_bWydawnictwa Szkolne i Pedagogiczne,
_c1997.
300 _a210, [1] s. :
_brys., wykr. ;
_c24 cm.
504 _aBibliogr. s. 210-[211].
521 _aPodręcznik dla technikum do nauczania technologii specjalizacyjnej przetwórstwo zbożowe, w zawodach technik technologii żywności oraz operator maszyn i urządzeń przemysłu spożywczego.
650 9 _aZboże
_xprzetwórstwo
655 _aPodręczniki szkolne
020 _a8302054496 (cz.2)
020 _a830205447X (całość)
040 _cBPK
041 0 _apl
080 _a664.6/.7(075.3)
920 _a83-02-05449-6 (cz.2)
920 _a83-02-05447-X (całość)
942 _cKS
008 s pl f |000 0 pol
999 _c38562
_d38562
856 _uhttp://koha.tu.koszalin.pl/cgi-bin/koha/opac-detail.pl?biblionumber=38562
_yKatalog online BPK